الأسس التكنولوجية: (Record no. 15774)
[ view plain ]
| 000 -الفاتح | |
|---|---|
| حقل البيانات ثابتة الطول | 00900nam a22001817a 4500 |
| 008 - عناصر البيانات ثابتة الطول - معلومات عامة | |
| حقل البيانات ثابتة الطول | 110802t1970 xxu||||g |||| 001 0 ara d |
| 082 ## - رقم تصنيف ديوى العشرى | |
| رقم الطبعة | 22 |
| رقم التصنيف | 621.319 |
| رقم المادة | ج ر ا |
| 100 ## - المدخل الرئيسى - إسم شخصى | |
| 9 (RLIN) | 26531 |
| الإسم الشخصى | جراف،هاينز |
| 245 ## - بيان العنوان | |
| العنوان | الأسس التكنولوجية: |
| بقية العنوان | التركيبات الكهربائية/ |
| بيان المسئوليه,etc | تأليف هاينز جراف؛ترجمة امين احمد قاسم |
| 260 ## - PUBLICATION, DISTRIBUTION, ETC. (IMPRINT) | |
| مكان الناشر او الموزع | ألماننيا: |
| اسم الناشر او الموزع | ادارة الأهرام دار النشر و التوزيع فى لاينزغ،1970. |
| تاريخ النشر أو التوزيع | 1970. |
| 300 ## - الوصف المادى | |
| التعداد | 183ص، |
| أبعاد الوعاء | 24سم |
| 650 ## - المدخل الاضافى بالموضوع-مصطلح موضوعى | |
| 9 (RLIN) | 26534 |
| مصطلح موضوعي أو اسم جغرافي كعنصر مدخل | الكهرباء |
| التقسيم الفرعي العام | توزيع |
| 650 ## - المدخل الاضافى بالموضوع-مصطلح موضوعى | |
| 9 (RLIN) | 26535 |
| مصطلح موضوعي أو اسم جغرافي كعنصر مدخل | الأسلاك الكهربائية |
| 653 ## - مصطلح تكشيفى غير مقيد | |
| Resource For college | |
| Arrived date list | August2011 |
| 700 ## - المدخل الاضافى - اسم شخصى | |
| 9 (RLIN) | 26532 |
| الإسم الشخصى | قاسم،امين احمد |
| العنوان والكلمات الأخرى المصاحبة للاسم | مترجم |
| 942 ## - عناصر المدخل الإضافي( كوها) | |
| مصدر التصنيف او مخطط الترفيف | Dewey Decimal Classification |
| Koha [default] item type | Book - Borrowing |
| حالة التراجع | حالة الفقد | مصدر التصنيف او خطة الترفيف | حالة تلف | ليس للاعارة | مجموعات كوها | المكان الدائم | المكان الحالي | موقع الترفيف | تاريخ الاكتساب | Source of acquisition | رقم الاستدعاء | الباركود | Date last seen | نوع الوعاء |
|---|---|---|---|---|---|---|---|---|---|---|---|---|---|---|
| Dewey Decimal Classification | Central Library | Central Library | First floor | 02/08/2011 | Donation | 621.319 ج ر ا | 000023025 | 15/07/2025 | Book - Borrowing |